000 01092nac a22003377a 4500
001 BR0400092
003 BR-BrBNA
005 20240105122930.0
008 230509b bl.|||m| |||| 00| 0 por d
040 _aBR-BrBNA
_bpor
_cBiblioteca Nacional de Agricultura
072 _aK50
090 _a8901 BR0400092
100 1 _aPrado, C. de A.
100 1 _aPereira, J.C.D.
100 1 _aMattos, P.P. de
100 1 _aSchaitza, E.G.
100 1 _aHiga, A.R.
110 1 _aEMBRAPA Florestas, Colombo, PR (Brasil)
245 1 _aCaracterísticas físicas e químicas da madeira de Acrocarpus fraxinifolius Wight Arn
260 3 _aColombo, PR (Brasil):
_c2003.
300 _a14 p.
490 _aBoletim de Pesquisa e Desenvolvimento - EMBRAPA Florestas (Brazil)
_vno. 14
_xISSN 1676-9449
500 _aSummaries (En, Pt); 9 ref.
650 _aMADEIRA
650 _aPROPRIEDADE FÍSICO-QUÍMICA
650 _aESSÊNCIA FLORESTAL
650 _aCOMPOSIÇÃO QUÍMICA
650 _aDENSIDADE DA MADEIRA
909 _a202312
_bLúcia Elande
_c55
_dLúcia Elande
942 _2AGRIS
_n0
_cMS
999 _c293357
_d293357